Age discrimination 2006 (Record no. 77458)

MARC details
000 -LEADER
fixed length control field 00873cab a2200205 4500
001 - CONTROL NUMBER
control field ##L134332
008 - FIXED-LENGTH DATA ELEMENTS--GENERAL INFORMATION
fixed length control field 060726n2006 000 0 eng u
035 ## - SYSTEM CONTROL NUMBER
System control number (Sirsi) u134332
041 0# - LANGUAGE CODE
Language code of text/sound track or separate title eng
100 1# - MAIN ENTRY--PERSONAL NAME
Personal name O'Dempsey, Declan
245 00 - TITLE STATEMENT
Title Age discrimination 2006
260 ## - PUBLICATION, DISTRIBUTION, ETC.
Date of publication, distribution, etc. 2006
490 #0 - SERIES STATEMENT
Series statement Scots Law Times
Volume/sequential designation (19) 16 June 2006, 113-123(11)
520 ## - SUMMARY, ETC.
Summary, etc. Examines the Employment Equality (Age) Regulations 2006, which come into force on 1 October 2006. Looks at the basic principles of age discrimination, justification principles and specific exceptions. Considers the new retirement dismissal regime and the right to request to work beyond retirement.
590 ## - LOCAL NOTE (RLIN)
Local note IKA010806
650 24 - SUBJECT ADDED ENTRY--TOPICAL TERM
Topical term or geographic name entry element EMPLOYMENT EQUALITY (AGE) REGULATIONS 2006
651 #4 - SUBJECT ADDED ENTRY--GEOGRAPHIC NAME
Geographic name Scotland
Chronological subdivision 1999-
690 ## - LOCAL SUBJECT ADDED ENTRY--TOPICAL TERM (OCLC, RLIN)
Topical term or geographic name as entry element MANAGEMENT-BUSINESS MANAGEMENT-DISCRIMINATION-AGE DISCRIMINATION
942 ## - ADDED ENTRY ELEMENTS (KOHA)
Suppress in OPAC 0
Holdings
Withdrawn status Lost status Source of classification or shelving scheme Damaged status Not for loan Home library Current library Shelving location Date acquired Total Checkouts Full call number Barcode Date last seen Copy number Price effective from Koha item type
    Dewey Decimal Classification     London London Journal article 26/07/2006   L134332 134332-1001 06/08/2019 1 06/08/2019 Journal article